[Event "EU-ch (Women) 12th"]
[Site "Tbilisi"]
[Date "2011.05.16"]
[Round "9"]
[White "Makka, Ioulia"]
[Black "Charochkina, Daria"]
[Result "0-1"]
[WhiteElo "2101"]
[BlackElo "2320"]
[PlyCount "70"]
[EventDate "2011.05.07"]
[EventType "swiss"]
[EventRounds "11"]
[EventCountry "GEO"]
[SourceTitle "OM OTB B 201907"]
[Source "Opening Master"]
[SourceDate "2019.07.06"]
[SourceVersion "2"]
[SourceVersionDate "2019.07.06"]
[SourceQuality "1"]

1. e4 c5 2. Nf3 d6 3. d4 cxd4 4. Nxd4 Nf6 5. Nc3 Nc6 6. Be2 e5 7. Nf3 h6 8. O-O
Be7 9. Re1 O-O 10. h3 Be6 11. Bf1 a6 12. Nd5 Bxd5 13. exd5 Nb8 14. a4 e4 15.
Nd2 e3 16. Rxe3 Nxd5 17. Rb3 Nc6 18. Nc4 Nf6 19. Rxb7 d5 20. Nb6 Bc5 21. Nxa8
Qxa8 22. Rb3 Nd4 23. Rd3 Nf5 24. c3 Ne4 25. Rd4 Bxd4 26. cxd4 Qa7 27. Be3 Nxe3
28. fxe3 Qb6 29. Qe2 f5 30. Rc1 f4 31. exf4 Qxd4+ 32. Kh2 Nd2 33. g3 Qxb2 34.
Qe6+ Kh8 35. Bg2 Nf3+ 0-1

[Event "Cologne Ford op 17th"]
[Site "Cologne"]
[Date "2011.05.16"]
[Round "5"]
[White "Ljuboschitz, Alexander"]
[Black "Wolff, Michael"]
[Result "1-0"]
[WhiteElo "2095"]
[BlackElo "1838"]
[PlyCount "81"]
[EventDate "2011.04.12"]
[EventType "swiss"]
[EventRounds "7"]
[EventCountry "GER"]
[SourceTitle "OM OTB B 201907"]
[Source "Opening Master"]
[SourceDate "2019.07.06"]
[SourceVersion "2"]
[SourceVersionDate "2019.07.06"]
[SourceQuality "1"]

1. e4 c5 2. Nf3 Nc6 3. Nc3 d6 4. d4 cxd4 5. Nxd4 Nf6 6. Be2 e5 7. Nb3 Be6 8.
O-O d5 9. exd5 Nxd5 10. Nxd5 Qxd5 11. Qxd5 Bxd5 12. Be3 O-O-O 13. Rfd1 Be7 14.
c3 f5 15. Bb5 Kb8 16. f4 Bf6 17. Nc5 Ka8 18. Rd2 Be4 19. Nxe4 fxe4 20. Rad1
Rxd2 21. Rxd2 exf4 22. Bxf4 Rd8 23. Bxc6 bxc6 24. Rxd8+ Bxd8 25. Kf2 Bb6+ 26.
Be3 Bc7 27. g3 g6 28. Bd4 Kb7 29. Ke3 a6 30. Kxe4 Kc8 31. c4 Kd7 32. b4 Bd6 33.
Bc3 Ke6 34. a4 Bb8 35. b5 cxb5 36. cxb5 axb5 37. axb5 h5 38. Bd2 Bc7 39. Be3
Bb8 40. b6 Kd7 41. Bf4 1-0

[Event "Stari Mikanovci Jaric Memorial 4th"]
[Site "Stari Mikanovci"]
[Date "2011.05.14"]
[Round "3"]
[White "Saric, Ivan"]
[Black "Kozul, Zdenko"]
[Result "1-0"]
[WhiteElo "2637"]
[BlackElo "2555"]
[PlyCount "136"]
[EventDate "2011.05.14"]
[EventType "tourn (blitz)"]
[EventRounds "9"]
[EventCountry "CRO"]
[EventCategory "13"]
[SourceTitle "OM OTB B 201907"]
[Source "Opening Master"]
[SourceDate "2019.07.06"]
[SourceVersion "2"]
[SourceVersionDate "2019.07.06"]
[SourceQuality "1"]

1. e4 c5 2. Nf3 d6 3. d4 cxd4 4. Nxd4 Nf6 5. Nc3 Nc6 6. Be2 e5 7. Nf3 h6 8. h3
Be7 9. O-O O-O 10. Re1 Be6 11. Bf1 Nb8 12. a4 Re8 13. a5 a6 14. Be3 Nbd7 15.
Nd2 Rc8 16. Na4 d5 17. Bb6 Nxb6 18. Nxb6 Rb8 19. exd5 Nxd5 20. Nxd5 Qxd5 21.
Bc4 Qc6 22. Bxe6 Qxe6 23. Nf3 e4 24. Nd4 Qd5 25. c3 Bc5 26. Ra4 Rbd8 27. Qg4 g6
28. Qf4 Kg7 29. g3 h5 30. h4 f5 31. Rd1 Kh7 32. Raa1 Qe5 33. Ne2 Qxf4 34. Nxf4
Bd6 35. Nd5 Kg7 36. Kf1 Bc5 37. Ke2 Kf7 38. b4 Bd6 39. c4 Be5 40. Rac1 Ke6 41.
Ke3 Rc8 42. Nb6 Rcd8 43. Rd5 Bg7 44. Rcd1 Bh6+ 45. Ke2 Rxd5 46. cxd5+ Kd6 47.
Nc4+ Kd7 48. d6 Bf8 49. Nb6+ Kc6 50. d7 Rd8 51. Rc1+ Kb5 52. Rc8 Be7 53. Ke3
Kxb4 54. Nd5+ Kxa5 55. Nxe7 Rxd7 56. Nxg6 Rd3+ 57. Ke2 Kb4 58. Nf4 Rd6 59. Nxh5
a5 60. Ng7 Rf6 61. Ne8 Ra6 62. Nc7 Rd6 63. Ne8 Ra6 64. Rb8 Rb6 65. h5 a4 66. h6
Rxh6 67. Rxb7+ Kc3 68. Nc7 a3 1-0

[Event "2nd ch-Region Officer House Open"]
[Site "Lviv UKR"]
[Date "2011.05.10"]
[Round "9.4"]
[White "Buksa, N. (wh)"]
[Black "Kovalsky, Vadim (bl)"]
[Result "1-0"]
[WhiteElo "2027"]
[BlackElo "1976"]
[PlyCount "71"]
[EventDate "2011.??.??"]

1. e4 c5 2. Nf3 Nc6 3. d4 cxd4 4. Nxd4 Nf6 5. Nc3 d6 6. Be2 e5 7. Nb3 Be7 8.
O-O O-O 9. f4 exf4 10. Bxf4 a6 11. a4 Ne5 12. Qd4 Qc7 13. Nd2 Be6 14. Nf3 Nc6
15. Qd2 Ne5 16. Qd4 Nc6 17. Qd2 Ne5 18. Nd4 Rfd8 19. Kh1 Bc4 20. Nf5 Bf8 21.
Bg5 Bxe2 22. Qxe2 Qc4 23. Qf2 Re8 24. Bxf6 gxf6 25. Qg3+ Kh8 26. Nd5 Ng6 27.
Nb6 Qxe4 28. Nxa8 Rxa8 29. Nxd6 Qxc2 30. Qf3 Qxb2 31. Rab1 Qd4 32. Qxb7 Ra7 33.
Qb6 Qxd6 34. Qxa7 Ne5 35. Qb8 Qc5 36. Qb6 1-0

[Event "Asia-ch (Women)"]
[Site "Mashhad"]
[Date "2011.05.10"]
[Round "9"]
[White "Hakimifard, Ghazal"]
[Black "Nguyen, Thi Thanh An"]
[Result "0-1"]
[WhiteElo "2215"]
[BlackElo "2349"]
[PlyCount "100"]
[EventDate "2011.05.02"]
[EventType "swiss"]
[EventRounds "9"]
[EventCountry "IRI"]
[SourceTitle "OM OTB B 201907"]
[Source "Opening Master"]
[SourceDate "2019.07.06"]
[SourceVersion "2"]
[SourceVersionDate "2019.07.06"]
[SourceQuality "1"]

1. e4 c5 2. Nf3 d6 3. d4 cxd4 4. Nxd4 Nf6 5. Nc3 Nc6 6. Be2 e5 7. Nf3 h6 8. O-O
Be7 9. Re1 O-O 10. h3 Be6 11. Bf1 Nb8 12. a4 Nbd7 13. a5 Qc7 14. Bd2 Rfc8 15.
a6 Rcb8 16. b3 Nc5 17. axb7 Rxb7 18. b4 Rxb4 19. Nd5 Bxd5 20. Bxb4 Ncxe4 21.
Re3 a5 22. Be1 Bc6 23. c4 Nc5 24. Qc2 Nfe4 25. Nd2 f5 26. Nxe4 Bxe4 27. Qd1 Bc6
28. Rea3 a4 29. Bb4 Rf8 30. Bxc5 dxc5 31. Bd3 e4 32. Bc2 Bf6 33. R1a2 Rd8 34.
Qe2 Qf4 35. g3 Qc1+ 36. Qf1 Qg5 37. Bxa4 Bb7 38. Rb3 Ba8 39. Bd7 Bd4 40. Kh2 f4
41. gxf4 Qxf4+ 42. Rg3 e3 43. Be6+ Kh8 44. Bd5 Bxd5 45. cxd5 exf2 46. Kg2 Rxd5
47. Qc4 Qe4+ 48. Kh2 Rf5 49. Qf1 Be5 50. Raa3 Rf3 0-1

[Event "ESP-ch Universities"]
[Site "Alicante"]
[Date "2011.05.10"]
[Round "6"]
[White "Camacho Collados, Marcos"]
[Black "Carrasco Sagredo, Manuel"]
[Result "1-0"]
[WhiteElo "2376"]
[BlackElo "2177"]
[PlyCount "77"]
[EventDate "2011.05.09"]
[EventType "team-swiss"]
[EventRounds "9"]
[EventCountry "ESP"]
[SourceTitle "OM OTB B 201907"]
[Source "Opening Master"]
[SourceDate "2019.07.06"]
[SourceVersion "2"]
[SourceVersionDate "2019.07.06"]
[SourceQuality "1"]

1. e4 c5 2. Nf3 d6 3. d4 Nf6 4. Nc3 Nc6 5. Be2 cxd4 6. Nxd4 e5 7. Nb3 Be7 8.
O-O a5 9. a4 Be6 10. Bf3 Nb4 11. Re1 O-O 12. Nd5 Nbxd5 13. exd5 Bd7 14. c4 Rc8
15. Be2 Ne8 16. Be3 g5 17. Qd2 b6 18. g3 h6 19. Kh1 Nf6 20. f3 Bf5 21. Bf1 e4
22. Nd4 Bg6 23. f4 gxf4 24. Bxf4 Ng4 25. Nc6 Qd7 26. Qe2 Rfe8 27. h3 Nf6 28.
Bxh6 Nh5 29. Qe3 Kh7 30. g4 Nf6 31. Bg2 Nxg4 32. hxg4 Qxg4 33. Qh3 Qxh3+ 34.
Bxh3 Rxc6 35. dxc6 Kxh6 36. Bd7 Rh8 37. c7 Kg5+ 38. Kg2 Bh5 39. Rxe4 1-0

[Event "Mukachevo 7th"]
[Site "Mukachevo"]
[Date "2011.05.09"]
[Round "8"]
[White "Guivan, Vasily"]
[Black "Yarmysty, Mikhail"]
[Result "0-1"]
[WhiteElo "2185"]
[BlackElo "2312"]
[PlyCount "46"]
[EventDate "2011.05.05"]
[EventType "tourn"]
[EventRounds "9"]
[EventCountry "UKR"]
[SourceTitle "OM OTB B 201907"]
[Source "Opening Master"]
[SourceDate "2019.07.06"]
[SourceVersion "2"]
[SourceVersionDate "2019.07.06"]
[SourceQuality "1"]

1. e4 c5 2. Nf3 d6 3. d4 cxd4 4. Nxd4 Nf6 5. Nc3 Nc6 6. Be2 e5 7. Nxc6 bxc6 8.
g4 Be6 9. g5 Nd7 10. Bg4 Nc5 11. Be3 Bxg4 12. Qxg4 Qa5 13. a3 Ne6 14. O-O-O Be7
15. h4 O-O-O 16. Nd5 cxd5 17. Rxd5 Qa6 18. Rhd1 Rd7 19. Qf5 Bd8 20. Bc5 Bc7 21.
Bb4 Nd4 22. Qh3 Qe2 23. Bd2 Qxe4 0-1

[Event "Metz op-B 29th"]
[Site "Metz"]
[Date "2011.05.08"]
[Round "9"]
[White "Steininger, Denis"]
[Black "Bianchi, Tobias"]
[Result "1/2-1/2"]
[WhiteElo "1978"]
[BlackElo "1653"]
[PlyCount "88"]
[EventDate "2011.05.02"]
[EventType "swiss"]
[EventRounds "9"]
[EventCountry "FRA"]
[SourceTitle "OM OTB B 201907"]
[Source "Opening Master"]
[SourceDate "2019.07.06"]
[SourceVersion "2"]
[SourceVersionDate "2019.07.06"]
[SourceQuality "1"]

1. e4 c5 2. Nf3 Nc6 3. d4 cxd4 4. Nxd4 Nf6 5. Nc3 d6 6. Be2 e5 7. Nf3 h6 8. h3
Be7 9. Be3 O-O 10. Qd2 Be6 11. O-O-O Qa5 12. Kb1 Nxe4 13. Qd3 Nxc3+ 14. Qxc3
Qxa2+ 15. Kc1 Rfc8 16. Qa3 Qxa3 17. bxa3 d5 18. Kb2 f6 19. g4 d4 20. Bd2 f5 21.
Nh2 Bf6 22. f3 e4 23. Bb5 d3+ 24. c3 a6 25. gxf5 Bxf5 26. Bc4+ Kh8 27. fxe4
Bxe4 28. Rhe1 Bf5 29. Ng4 Bxg4 30. hxg4 Ne5 31. Bd5 Rd8 32. Be6 Rd6 33. g5 Rxe6
34. gxf6 gxf6 35. Bxh6 Nc4+ 36. Kb3 Rxe1 37. Rxe1 Ne5 38. Bf4 Rd8 39. c4 Kg8
40. Kc3 Kf7 41. Rb1 Rd7 42. Rb6 Rc7 43. Bxe5 fxe5 44. Kxd3 Ke7 1/2-1/2

[Event "EU-ch (Women) 12th"]
[Site "Tbilisi"]
[Date "2011.05.07"]
[Round "1"]
[White "Makka, Ioulia"]
[Black "Savina, Anastasia"]
[Result "0-1"]
[WhiteElo "2101"]
[BlackElo "2389"]
[PlyCount "106"]
[EventDate "2011.05.07"]
[EventType "swiss"]
[EventRounds "11"]
[EventCountry "GEO"]
[SourceTitle "OM OTB B 201907"]
[Source "Opening Master"]
[SourceDate "2019.07.06"]
[SourceVersion "2"]
[SourceVersionDate "2019.07.06"]
[SourceQuality "1"]

1. e4 c5 2. Nf3 Nc6 3. d4 cxd4 4. Nxd4 Nf6 5. Nc3 d6 6. Be2 e5 7. Nf3 h6 8. O-O
Be7 9. Re1 O-O 10. h3 Be6 11. Bf1 Qd7 12. Nd5 Bd8 13. c4 Bxd5 14. exd5 Ne7 15.
a4 Ba5 16. Re2 Rac8 17. b3 Rfe8 18. Bb2 a6 19. Rc2 Ne4 20. Ba3 Bb6 21. Qe1 Nc5
22. a5 Ba7 23. b4 Nb3 24. Rb1 Nd4 25. Nxd4 Bxd4 26. Qd2 Nf5 27. Kh2 e4 28. Qd1
Be5+ 29. g3 Nd4 30. Rcc1 Qf5 31. Kg2 e3 32. Rb2 exf2 33. Rxf2 Qe4+ 34. Rf3 Nxf3
35. Qxf3 Qxf3+ 36. Kxf3 Bd4 37. Rd1 Re3+ 38. Kg2 Be5 39. Rd3 Rxd3 40. Bxd3 Bd4
41. Kf3 Re8 42. Bc1 Bc3 43. c5 Bxb4 44. c6 bxc6 45. dxc6 Rc8 46. Be4 Bxa5 47.
Be3 Bc7 48. Ba7 Ra8 49. Bd4 a5 50. Bb2 Rb8 51. Ba1 Rb3+ 52. Kf2 a4 53. Bd4 a3
0-1

[Event "Ostrava Konik op-A"]
[Site "Ostrava"]
[Date "2011.05.06"]
[Round "7"]
[White "Stachon, Martin"]
[Black "Vermirovsky, Vlastimil"]
[Result "1-0"]
[WhiteElo "1936"]
[BlackElo "2026"]
[PlyCount "68"]
[EventDate "2011.04.30"]
[EventType "swiss"]
[EventRounds "9"]
[EventCountry "CZE"]
[SourceTitle "OM OTB B 201907"]
[Source "Opening Master"]
[SourceDate "2019.07.06"]
[SourceVersion "2"]
[SourceVersionDate "2019.07.06"]
[SourceQuality "1"]

1. e4 c5 2. Nf3 d6 3. d4 cxd4 4. Nxd4 Nf6 5. Nc3 Nc6 6. Be2 e5 7. Nf3 h6 8. O-O
Be7 9. Re1 O-O 10. h3 Be6 11. Bf1 Nb8 12. a4 Nbd7 13. a5 a6 14. Nd5 Nxd5 15.
exd5 Bf5 16. c4 Re8 17. b4 Bf6 18. Bb2 Bh7 19. Nd2 e4 20. Bxf6 Qxf6 21. Rc1
Rac8 22. Nb3 Rc7 23. Re3 Rec8 24. Rec3 Ne5 25. Qd4 Bf5 26. Kh1 Nd7 27. Qe3 Qe5
28. Qd4 Qxd4 29. Nxd4 Bg6 30. c5 Nb8 31. c6 bxc6 32. dxc6 f6 33. Bxa6 Nxa6 34.
b5 Nc5 1-0

[Event "Ostrava Konik op-A"]
[Site "Ostrava"]
[Date "2011.05.04"]
[Round "5"]
[White "Bacak, Petr Jr"]
[Black "Vermirovsky, Vlastimil"]
[Result "1-0"]
[WhiteElo "2077"]
[BlackElo "2026"]
[PlyCount "75"]
[EventDate "2011.04.30"]
[EventType "swiss"]
[EventRounds "9"]
[EventCountry "CZE"]
[SourceTitle "OM OTB B 201907"]
[Source "Opening Master"]
[SourceDate "2019.07.06"]
[SourceVersion "2"]
[SourceVersionDate "2019.07.06"]
[SourceQuality "1"]

1. e4 c5 2. Nf3 d6 3. d4 cxd4 4. Nxd4 Nf6 5. Nc3 Nc6 6. Be2 e5 7. Nf3 h6 8. O-O
Be7 9. Re1 O-O 10. h3 Be6 11. Bf1 Nb8 12. a4 Nbd7 13. a5 a6 14. Nd5 Nxd5 15.
exd5 Bf5 16. c4 b6 17. b4 Qb8 18. Bd2 Bd8 19. axb6 Bxb6 20. Qa4 Qa7 21. Be3
Rfb8 22. Ra2 Bxe3 23. Rxe3 Qb7 24. g4 Bh7 25. Qc6 Ra7 26. Qxd6 Qxb4 27. Qxb4
Rxb4 28. Nxe5 Nxe5 29. Rxe5 Kf8 30. d6 Rb1 31. Rd2 Rd7 32. c5 Rc1 33. Rde2 f6
34. Re1 Rc3 35. Re8+ Kf7 36. R1e7+ Rxe7 37. Rxe7+ Kf8 38. Rxg7 1-0

[Event "World School-ch U15 Girls 7th"]
[Site "Krakow"]
[Date "2011.05.02"]
[Round "3"]
[White "Baghirova, Khatin Mahammad Qiz"]
[Black "Dziodzio, Angelika"]
[Result "1/2-1/2"]
[WhiteElo "1830"]
[BlackElo "1906"]
[PlyCount "121"]
[EventDate "2011.04.30"]
[EventType "swiss"]
[EventRounds "9"]
[EventCountry "POL"]
[SourceTitle "OM OTB B 201907"]
[Source "Opening Master"]
[SourceDate "2019.07.06"]
[SourceVersion "2"]
[SourceVersionDate "2019.07.06"]
[SourceQuality "1"]

1. e4 c5 2. Nf3 d6 3. d4 cxd4 4. Nxd4 Nf6 5. Nc3 Nc6 6. Be2 e5 7. Nb3 Be7 8.
Be3 O-O 9. O-O a5 10. a4 Nb4 11. Bf3 Be6 12. Re1 Rc8 13. Rc1 d5 14. exd5 Nfxd5
15. Nxd5 Nxd5 16. Bd2 b6 17. Bxd5 Qxd5 18. Bc3 f6 19. Nd2 Qc6 20. Ra1 Rfd8 21.
Qe2 Bf7 22. Nf1 Bb4 23. Bxb4 axb4 24. Ne3 Bg6 25. Rec1 b3 26. c3 Bd3 27. Qe1
Ra8 28. Ra3 Qe6 29. c4 Rd4 30. Qb4 Bc2 31. Raa1 Rad8 32. Qb5 h6 33. h3 Rd2 34.
Nd5 Rd6 35. a5 bxa5 36. Rxa5 Kh7 37. Re1 Qf5 38. Qc5 Rc6 39. Qe3 Qg5 40. Ra4
Qxe3 41. Nxe3 Bd3 42. Rd1 Rxd1+ 43. Nxd1 Bxc4 44. Nc3 Kg6 45. f3 Bd3 46. Rb4
Bc2 47. Kf2 Rd6 48. Ke2 f5 49. g4 fxg4 50. hxg4 Kf6 51. Na4 Rc6 52. Nb6 Ke6 53.
Nc4 e4 54. fxe4 Bxe4 55. Na5 Rc2+ 56. Ke3 Bd5 57. Nxb3 Bxb3 58. Rxb3 Rc4 59.
Kf3 Kf6 60. Rb5 g5 61. Rb6+ 1/2-1/2

[Event "HUN-chT2 Szechenyi 1011"]
[Site "Hungary"]
[Date "2011.05.01"]
[Round "10.3"]
[White "Lang, Gusztav"]
[Black "Rezsek, Gyozo"]
[Result "1-0"]
[WhiteElo "2021"]
[BlackElo "2024"]
[PlyCount "95"]
[EventDate "2010.09.12"]
[EventType "team-tourn"]
[EventRounds "11"]
[EventCountry "HUN"]
[SourceTitle "OM OTB B 201907"]
[Source "Opening Master"]
[SourceDate "2019.07.06"]
[SourceVersion "2"]
[SourceVersionDate "2019.07.06"]
[SourceQuality "1"]

1. e4 c5 2. Nf3 d6 3. d4 cxd4 4. Nxd4 Nf6 5. Nc3 Nc6 6. Be2 e5 7. Nb3 Be7 8.
Be3 O-O 9. O-O a5 10. a4 Nb4 11. f4 Bd7 12. Bf3 Qc7 13. Qe2 exf4 14. Bxf4 Be6
15. Rfd1 Nd7 16. Rac1 Bc4 17. Qf2 Rfd8 18. Nd4 Ne5 19. Ndb5 Qc6 20. Nd5 Nxd5
21. exd5 Nxf3+ 22. Qxf3 Qd7 23. Nc3 Rac8 24. b3 Ba6 25. Ne4 h6 26. c4 Qf5 27.
g4 Qg6 28. Ng3 Bg5 29. Nf5 Rd7 30. Re1 Kh7 31. h4 Bd8 32. Nxd6 Rxd6 33. Bxd6
Bxh4 34. Bg3 Bg5 35. Rcd1 Rf8 36. Qd3 f5 37. Re6 Bf6 38. gxf5 Qg4 39. Rf1 h5
40. Qf3 Qh3 41. Be5 Qh4 42. Bxf6 gxf6 43. Rf2 Rg8+ 44. Rg2 Qd4+ 45. Qe3 Qd1+
46. Kh2 Rxg2+ 47. Kxg2 Qg4+ 48. Qg3 1-0

[Event "GER-ch Net qual1 U25"]
[Site "playchess.com INT"]
[Date "2011.05.01"]
[Round "1"]
[White "Commercon, Simon"]
[Black "Lubbe, Nikolas"]
[Result "0-1"]
[WhiteElo "1798"]
[BlackElo "2454"]
[PlyCount "82"]
[EventDate "2011.05.01"]
[EventType "swiss (blitz)"]
[EventRounds "7"]
[EventCountry "GER"]
[SourceTitle "OM OTB B 201907"]
[Source "Opening Master"]
[SourceDate "2019.07.06"]
[SourceVersion "2"]
[SourceVersionDate "2019.07.06"]
[SourceQuality "1"]

1. e4 c5 2. Nf3 d6 3. d4 cxd4 4. Nxd4 Nf6 5. Nc3 Nc6 6. Be2 e5 7. Nf3 h6 8. h3
Be7 9. Be3 Be6 10. Nd2 O-O 11. O-O d5 12. exd5 Nxd5 13. Nxd5 Bxd5 14. Bf3 Be6
15. c3 Qc7 16. Qa4 f5 17. Nb3 e4 18. Be2 Kh8 19. Bc4 Bd7 20. Rad1 a6 21. Bb6
Qxb6 22. Rxd7 Rad8 23. Be6 Rxd7 24. Bxd7 Ne5 25. Nd4 Qg6 26. Bxf5 Rxf5 27. Nxf5
Qxf5 28. Qe8+ Bf8 29. Rd1 Nd3 30. Rd2 Kh7 31. Re2 Nxf2 32. Qb8 Bc5 33. Kh2 Nd3
34. b4 Bf2 35. Rxf2 Qxf2 36. Qxb7 Qf4+ 37. Kg1 e3 38. Qxa6 Qf2+ 39. Kh2 Nf4 40.
Qc6 e2 41. Qe4+ Ng6 0-1

[Event "Calvi Balagne op 08th"]
[Site "Calvi"]
[Date "2011.04.30"]
[Round "8"]
[White "Marie, Maxime"]
[Black "Demuth, Adrien"]
[Result "0-1"]
[WhiteElo "2209"]
[BlackElo "2375"]
[PlyCount "92"]
[EventDate "2011.04.26"]
[EventType "swiss"]
[EventRounds "8"]
[EventCountry "FRA"]
[SourceTitle "OM OTB B 201907"]
[Source "Opening Master"]
[SourceDate "2019.07.06"]
[SourceVersion "2"]
[SourceVersionDate "2019.07.06"]
[SourceQuality "1"]

1. e4 c5 2. Nf3 Nc6 3. d4 cxd4 4. Nxd4 Nf6 5. Nc3 d6 6. Be2 e5 7. Nb3 Be7 8. g4
h6 9. g5 hxg5 10. Bxg5 Nxe4 11. Nxe4 Bxg5 12. Nxd6+ Ke7 13. Rg1 Bf6 14. Nxc8+
Rxc8 15. Bg4 Qxd1+ 16. Rxd1 Rc7 17. h3 e4 18. c3 Ne5 19. Nd4 Nd3+ 20. Rxd3 exd3
21. Nf5+ Kf8 22. Rg3 g6 23. Nd6 Be5 24. Rxd3 Bxd6 25. Rxd6 Ke7 26. Rd3 f5 27.
Be2 Rd8 28. Rxd8 Kxd8 29. Kd2 Rh7 30. Bf1 Ke7 31. Ke3 Rh4 32. b4 Kd6 33. f4 Rh7
34. c4 Re7+ 35. Kf2 Re4 36. Kg3 b6 37. a4 Re3+ 38. Kf2 Ra3 39. a5 bxa5 40. c5+
Kc7 41. bxa5 Rxa5 42. Bc4 Rxc5 43. Bf7 Rc6 44. h4 a5 45. h5 gxh5 46. Kg3 Kd7
0-1

[Event "Donoratico op-A"]
[Site "Donoratico"]
[Date "2011.04.30"]
[Round "3"]
[White "Scali, Fausto"]
[Black "Cheli, Giancarlo"]
[Result "1/2-1/2"]
[WhiteElo "1964"]
[BlackElo "1967"]
[PlyCount "30"]
[EventDate "2011.04.29"]
[EventType "swiss"]
[EventRounds "5"]
[EventCountry "ITA"]
[SourceTitle "OM OTB B 201907"]
[Source "Opening Master"]
[SourceDate "2019.07.06"]
[SourceVersion "2"]
[SourceVersionDate "2019.07.06"]
[SourceQuality "1"]

1. e4 c5 2. Nf3 d6 3. d4 cxd4 4. Nxd4 Nf6 5. Nc3 Nc6 6. Be2 e5 7. Nb3 Be7 8.
O-O O-O 9. f4 a5 10. a4 Nb4 11. Kh1 Bd7 12. Be3 Bc6 13. Bf3 Qc7 14. Qe2 d5 15.
exd5 Nfxd5 1/2-1/2

[Event "World School Chess Championship U-15"]
[Site "?"]
[Date "2011.04.30"]
[Round "1.6"]
[White "Kyc, Jerzy"]
[Black "Yuksel, Atilla Koksal"]
[Result "0-1"]
[WhiteElo "1626"]
[BlackElo "2035"]
[PlyCount "118"]
[EventDate "2011.??.??"]
[EventType "tourn"]
[SourceTitle "OM OTB B 201907"]
[Source "Opening Master"]
[SourceDate "2019.07.06"]
[SourceVersion "2"]
[SourceVersionDate "2019.07.06"]
[SourceQuality "1"]

1. e4 c5 2. Nf3 Nc6 3. d4 cxd4 4. Nxd4 Nf6 5. Nc3 d6 6. Be2 e5 7. Nb3 Be6 8.
Bg5 Be7 9. O-O O-O 10. Bxf6 Bxf6 11. Nd5 Bg5 12. c4 Rc8 13. Bg4 Ne7 14. Bxe6
fxe6 15. Nxe7+ Qxe7 16. Qd3 Qc7 17. Nd2 Bxd2 18. Qxd2 Qb6 19. b3 Rf4 20. Rad1
Rd8 21. Qe2 Rdf8 22. Rd2 a6 23. Kh1 Qc6 24. f3 Qxe4 25. Qxe4 Rxe4 26. Rxd6 Re2
27. Rxe6 e4 28. Kg1 e3 29. Rd1 Kf7 30. Rb6 Rd8 31. Rxb7+ Kf6 32. Rb6+ Ke5 33.
Kf1 Rf2+ 34. Ke1 Rxd1+ 35. Kxd1 Rxg2 36. Rb7 Rxh2 37. Rxg7 h5 38. a4 h4 39. Rg4
h3 40. Kc1 Rh1+ 41. Kb2 h2 42. Rh4 Kf5 43. Kc2 e2 44. Rxh2 e1=Q 45. Rd2 Qc1+
46. Kd3 Rd1 47. Rxd1 Qxd1+ 48. Kc3 a5 49. c5 Qc1+ 50. Kd4 Ke6 51. f4 Qxf4+ 52.
Kc3 Qb4+ 53. Kb2 Qxc5 54. Ka2 Qc3 55. Kb1 Qxb3+ 56. Ka1 Qh3 57. Ka2 Kd5 58. Ka1
Qh2 59. Kb1 Ke5 0-1

[Event "World School-ch U15 7th"]
[Site "Krakow"]
[Date "2011.04.30"]
[Round "1"]
[White "Kyc, Jerzy"]
[Black "Yuksel, Atilla Koksal"]
[Result "0-1"]
[WhiteElo "1628"]
[BlackElo "2035"]
[PlyCount "90"]
[EventDate "2011.04.30"]
[EventType "swiss"]
[EventRounds "9"]
[EventCountry "POL"]
[SourceTitle "OM OTB B 201907"]
[Source "Opening Master"]
[SourceDate "2019.07.06"]
[SourceVersion "2"]
[SourceVersionDate "2019.07.06"]
[SourceQuality "1"]

1. e4 c5 2. Nf3 Nc6 3. d4 cxd4 4. Nxd4 Nf6 5. Nc3 d6 6. Be2 e5 7. Nb3 Be6 8.
Bg5 Be7 9. O-O O-O 10. Bxf6 Bxf6 11. Nd5 Bg5 12. c4 Rc8 13. Bg4 Ne7 14. Bxe6
fxe6 15. Nxe7+ Qxe7 16. Qd3 Qc7 17. Nd2 Bxd2 18. Qxd2 Qb6 19. b3 Rf4 20. Rad1
Rd8 21. Qe2 Rdf8 22. Rd2 a6 23. Kh1 Qc6 24. f3 Qxe4 25. Qxe4 Rxe4 26. Rxd6 Re2
27. Rxe6 e4 28. Kg1 e3 29. Rd1 Kf7 30. Rb6 Rd8 31. Rxb7+ Kf6 32. Rb6+ Ke5 33.
Kf1 Rf2+ 34. Ke1 Rxd1+ 35. Kxd1 Rxg2 36. Rb7 Rxh2 37. Ra7 h5 38. a4 h4 39. Kc1
Rh1+ 40. Kb2 Kf5 41. Kc2 e2 42. Kd3 Rd1+ 43. Kc3 a5 44. c5 Ke6 45. f4 Kd5 0-1

[Event "V Obert d'escacs Vilafranca del Penedč"]
[Site "Vilafranca del Penedčs"]
[Date "2011.04.29"]
[Round "3.1"]
[White "Meyer, Kuno"]
[Black "Draghici Flutur, Gavril"]
[Result "0-1"]
[WhiteElo "1729"]
[BlackElo "2126"]
[PlyCount "114"]
[EventDate "2011.04.08"]
[EventRounds "8"]
[EventCountry "ESP"]
[SourceTitle "OM OTB B 201907"]
[Source "Opening Master"]
[SourceDate "2019.07.06"]
[SourceVersion "2"]
[SourceVersionDate "2019.07.06"]
[SourceQuality "1"]

1. e4 c5 2. Nf3 Nc6 3. d4 cxd4 4. Nxd4 Nf6 5. Nc3 d6 6. Be2 e5 7. Nf3 Be7 8.
O-O O-O 9. Bg5 Be6 10. Bxf6 Bxf6 11. Nd5 Bxd5 12. Qxd5 Qb6 13. Qb5 Qc7 14. c3
a6 15. Qd5 Ne7 16. Qb3 Qc6 17. Bd3 Rad8 18. Rad1 Ng6 19. Rfe1 Rc8 20. Bc2 Rfd8
21. Qd5 Qc7 22. Bb3 Nf4 23. Qd2 Qe7 24. Bd5 g5 25. Rf1 g4 26. Ne1 Bg5 27. Qc2
b5 28. Qb3 h5 29. Nd3 Nxd5 30. Qxd5 Qe6 31. Nc1 Rc5 32. Qxe6 fxe6 33. Ne2 d5
34. exd5 Rcxd5 35. Rxd5 exd5 36. f4 exf4 37. Nxf4 d4 38. Ne6 Be3+ 39. Kh1 Rd6
40. Nxd4 Bxd4 41. cxd4 Rxd4 42. Rb1 Kg7 43. Kg1 Rd2 44. a3 Kg6 45. g3 Kg5 46.
Kh1 h4 47. Kg1 hxg3 48. hxg3 a5 49. Kh1 Kf5 50. Rf1+ Ke5 51. Rf4 Rd4 52. Rf2
Ke4 53. Kg2 Ke3 54. Rf5 Rd2+ 55. Kf1 Rxb2 56. Rf4 b4 57. Rxg4 bxa3 0-1

[Event "SRB-ch U18"]
[Site "Kragujevac"]
[Date "2011.04.28"]
[Round "7"]
[White "Jovic, Branko"]
[Black "Bozilov, Dragan"]
[Result "1/2-1/2"]
[WhiteElo "2002"]
[BlackElo "1909"]
[PlyCount "48"]
[EventDate "2011.04.24"]
[EventType "swiss"]
[EventRounds "9"]
[EventCountry "SRB"]
[SourceTitle "OM OTB B 201907"]
[Source "Opening Master"]
[SourceDate "2019.07.06"]
[SourceVersion "2"]
[SourceVersionDate "2019.07.06"]
[SourceQuality "1"]

1. e4 c5 2. Nf3 d6 3. d4 cxd4 4. Nxd4 Nf6 5. Nc3 Nc6 6. Be2 e5 7. Nb3 Be7 8.
O-O a5 9. a4 Be6 10. Be3 O-O 11. Kh1 d5 12. exd5 Nxd5 13. Nxd5 Bxd5 14. c4 Be6
15. Nc5 Qc8 16. Nxe6 Qxe6 17. Qb3 f5 18. f3 f4 19. Bg1 Nb4 20. Bd3 Rac8 21.
Rac1 Nxd3 22. Qxd3 Rfd8 23. Qe2 Bf6 24. b3 Rd7 1/2-1/2